| 000 | 00682cab a2200241 4500 | ||
|---|---|---|---|
| 001 | WB3017-21 | ||
| 008 | 090401t1994 xxu||||| |||| 00| 0 eng d | ||
| 035 | _a(Sirsi) u41798 | ||
| 041 | _aeng | ||
| 245 | _aRing of steel gets go-ahead | ||
| 260 | _c1994 | ||
| 350 | _a0 | ||
| 490 |
_aEvening Standard _v4 May 1994, 1(1) |
||
| 520 | _aThe `ring of steel` to protect the City of London from IRA bombs and the traffic diversions around it are to become permanent. | ||
| 650 | _aANTI-TERRORISM | ||
| 650 | _aCITY OF LONDON | ||
| 650 | _aRING OF STEEL | ||
| 650 | _aSECURITY | ||
| 650 | _aTERRORISM | ||
| 690 | _aECONOMIC AND SOCIAL | ||
| 942 | _n0 | ||
| 948 | _c04/03/1997 | ||
| 999 |
_c26833 _d26833 |
||